Die größten Städte Deutschlands mit F - Statistiken

Allgemein
  • Dieses Quiz wurde 378 mal gespielt
  • Das Durchschnittsergebnis liegt bei 6 aus 13
Antwortstatistiken
Bundesland Stadt % Korrekt
Hessen Frankfurt (Main)
97%
Brandenburg Frankfurt (Oder)
97%
Sachsen Freiberg
93%
Baden-Württemberg Freiburg (im Breisgau)
91%
Bayern Fürth
77%
Schleswig-Holstein Flensburg
71%
Rheinland-Pfalz Frankenthal (Pfalz)
37%
Nordrhein-Westfallen Frechen
33%
Saarland Friedrichsthal (Saar)
8%
Niedersachsen Friesoythe
8%
Mecklenburg-Vorpommern Friedland (Mecklenburg)
5%
Thüringen Föritztal
4%
Sachsen-Anhalt Falkenstein (Harz)
3%
Keine übereinstimmenden Quizze gefunden
Verteilung der Resultate
Anzahl Personen mit jedem Resultat
Perzentil nach korrekt beantworteten Fragen
Ihre Resultats-Entwicklung
Sie haben dieses Quiz noch nicht gespielt